MDQL
is popping MORE tags! Check the
thread
!
Quizzes
Events
Quiz Creation
Community
Videos
Private Events
Remove Ads
Sign In
Join for FREE
Feedback
Dark Mode
Quiz Categories
Sports
Geography
Music
Movies
Television
Just For Fun
Miscellaneous
History
Literature
Language
Science
Gaming
Entertainment
Religion
Holiday
For Kids
Quiz Lab
Recent
Popular Today
Quiz Kudos Today
Editor Picks
Curator Picks
Quizzes by...
Day
Popularity
Type
Ratings
Length
Year
Community
Subscriptions
Recent Discussions
Orange Saloon
Badges
Playlists
Quests
Create
Leaderboards
Showdown
Live 5
Trivia Bingo
Activity
Puzzle Library
Sporcle Events
Private Events
Virtual Trivia
Globe League
Become a Host
Pub Owners
SporcleCon
Opinionation
Our Games
Videos
Blog
Mobile Apps
Partnerships
Remove Ads and Go Orange
Feedback
Geography
Country
Landmarks
City
State
Population
World
Capital
Continent
Flags
Europe
Africa
Asia
South America
North America
Oceania
Border
Canada
United Kingdom
Topography
United States
Geography
Country
Landmarks
City
State
Population
World
Capital
Continent
Flags
Europe
Africa
Asia
South America
North America
Oceania
Border
Canada
United Kingdom
Topography
United States
Random Quiz
Search Sporcle
×
Quiz Lab
Quiz Lab
Geography
UK
Type in answers that appear in a list
Type in answers that appear in a list
Classic
Best Score? Go Orange.
Aberdeen to Penzance Stats
Can you name the train station stops on the Aberdeen to Penzance journey?
By
Paracelsus
10m
45 Questions
792 Plays
792 Plays
792 Plays
Comments
Comments
Give Quiz Kudos
Give Quiz Kudos
-
- Ratings
hide this ad
Replay
Link that replays current quiz
Next Quiz
Link to next quiz in quiz playlist
You Got
0%
They Got
Avg Score
64%
Avg Friend Score
Upgrade to see
Score Distribution
Jump to the score distribution portion of the page
Score
0/45
Timer
10:00
0
Plays Today
% Correct
Aberdeen
92.8%
Penzance
91.4%
Newcastle
89.3%
York
85.3%
Dundee
85.1%
Leeds
84.6%
Plymouth
82.8%
Birmingham New Street
82.6%
Bristol Temple Meads
81.8%
Edinburgh Waverley
80.9%
Sheffield
80.2%
Exeter St Davids
77%
Derby
76.7%
Durham
76.5%
Berwick upon Tweed
75.2%
Darlington
74.8%
Truro
73.3%
Taunton
70.9%
Bristol Parkway
70.3%
Cheltenham Spa
63.8%
Newton Abbot
61.9%
Chesterfield
61.3%
Montrose
59.2%
% Correct
Edinburgh Haymarket
58.5%
St Austell
57.4%
Tiverton Parkway
57.3%
Redruth
57%
Stonehaven
56.9%
Wakefield Westgate
55.4%
Totnes
54.9%
Dunbar
54.4%
St Erth
53.7%
Arbroath
53.4%
Alnmouth
52.6%
Camborne
52.2%
Par
52%
Liskeard
51.3%
Bodmin Parkway
49.7%
Burton on Trent
48.9%
Kirkcaldy
47.5%
Leuchars
47.3%
Inverkeithing
46.1%
Cupar
41.2%
Ladybank
35.3%
Markinch
34.1%
Quiz Playlist
Details
Report
Send in Message
Add To Playlist
Classic:
Type in answers that appear in a list
Quiz Source
Last Updated: Feb 16, 2017
Quiz Scoreboard
CHALLENGE
Sign Up to Join the Scoreboard
Show All
Scores
Hide
Comments
May contain spoilers
Recently Published
Street Fighter Characters
by Artimus82
Gaming
60s
9x9 Crossword: Cartoon Network
by jackfrog10
Miscellaneous
3m
College Basketball Coaching Resumes
by pancakes188
Sports
9m
More to Explore
Quiz From the Vault
Featured Blog Post
Where Did the Easter Bunny Come From?
hide this ad
You Might Also Like...
Tags
Railway Stations
Train Stations
UK
Today's Top Quizzes in Geography
Browse Geography
hide this ad
Today's Top Quizzes in UK
Browse UK
Top Contributed Quizzes in Geography
1
Countries of the World - No Outlines Minefield
2
Top 25 Cities of France on a map
3
Any capital of a 'B' country per Continent
4
Any capital of a 'C' country per Continent
5
Closest Countries to UK A-Z
6
Any capital of a 'D' country per Continent
7
5-to-1: US Geography No Hints
8
Any capital of an 'E' country per Continent
9
Find the US States - No Outlines
10
Any capital of an 'F' country per Continent
Explore More
Trending Topics
Kpop
Crossword
NBA
Disney
Anime
Harry Potter
Marvel
WWE
Puzzle
Soccer
NFL
Country
Song
The Office
Pokémon
hide this ad
More By:
Paracelsus
Quiz
Plays
Rating
Category
Featured
Created
Aberdeen to Penzance
792
3.00
Geography
Oct 30, 2012
F1 Driver Champions and years
220
3.00
Sports
Oct 29, 2012
Foods that count
151
5.00
Miscellaneous
Oct 30, 2012
F1 Circuits 2012
133
1.00
Sports
Oct 29, 2012
Crufts dog breeds
105
Miscellaneous
Oct 29, 2012
Go to Creator's Profile
Score Distribution
Quiz Creator Spotlight
Paracelsus
Follow
Send a Message
Quizzes Created
-
Created Quiz Play Count
-
More By This Creator
Popular Quizzes Today
1
Find the US States - No Outlines Minefield
2
Find the Countries of Europe - No Outlines Minefield
3
The Countries of the World
4
Find the US States
5
Risky Map Clicking: Biggest States A-Z
6
US States
7
Popular People in 1961
8
Movies - When Are They Set?
More Geography Quizzes
Acrostic Latvia
Quiz Lab
Trending Quizzes
Risky Map Clicking: Least Populous States A-Z
Countries of the World: 200 Million BC
1-10 Letter G Words
Risky Map Clicking: Next State Alphabetically
Adjectives in 80s TV Shows
Recently Updated
Leaping Animals
pecheneg
Reality TV Shows (A-Z)
bhenderson79
Rickey Henderson's Hall of Fame Teammates
pecheneg
Champions League XIs: Arsenal
pecheneg
Quick Pick: Celebrities in WWE's Hall of Fame
aduchscher
A-Z Keypad Blitz II
pecheneg
Multiple Oscar Actors
pecheneg
Mystery Phrase Blitz: Oscar 'Best Actors'
pecheneg
F. Scott Fitzgerald Novels
LTH
Pick 3 Villains
ddd62291
Trending Topics
Marvel
Anime
Disney
Harry Potter
Crossword
Kpop
NBA
Song
Soccer
Pokémon
WWE
The Office
Country
Puzzle
NFL
Your Account Isn't Verified!
In order to create a playlist on Sporcle, you need to verify the email address you used during registration. Go to your
Sporcle Settings
to finish the process.
Report this User
Report this user for behavior that violates our
Community Guidelines
.
Details:
Send Report
Go to the Sporcle.com Mobile Site →
Comments